| 000 | 00614nam a2200181 a 4500 | ||
|---|---|---|---|
| 001 | 000036572 | ||
| 005 | 20200930075815.0 | ||
| 008 | 120120s1992 mx 000 0 spa d | ||
| 020 | _a9681843541 | ||
| 040 |
_aDO-SdBNP _bspa _cBNPHU |
||
| 082 |
_axxxx _bS554r |
||
| 100 | 1 |
_aSheth, Jagdish N. _962840 |
|
| 240 | 1 | 0 |
_aWinning back your market _lespañol |
| 245 | 1 | 0 |
_aRecupere su mercado / _cJagdish N. Sheth ; versión en español Andrés Eduardo Chehade Durán. |
| 260 |
_aMéxico : _bLimusa _bGrupo Noriega Editores, _c1992. |
||
| 300 |
_a255 p. ; _c23 cm. |
||
| 700 | 1 |
_aChehade Durán, Andrés Eduardo, _etr. _962841 |
|
| 999 |
_c36063 _d36063 |
||